Butch looks to you; (Record no. 36609)

MARC details
000 -LEADER
fixed length control field 00686cam a22002291 4500
001 - CONTROL NUMBER
control field l 48000051
003 - CONTROL NUMBER IDENTIFIER
control field DLC
005 - DATE AND TIME OF LATEST TRANSACTION
control field 20260227111540.0
008 - FIXED-LENGTH DATA ELEMENTS--GENERAL INFORMATION
fixed length control field 921102s1948 dcua f000 0 eng c
010 ## - LIBRARY OF CONGRESS CONTROL NUMBER
LC control number l 48000051
035 ## - SYSTEM CONTROL NUMBER
System control number (OCoLC)26897487
040 ## - CATALOGING SOURCE
Original cataloging agency U.S. Dept. of Labor. Library
Transcribing agency CLU
Modifying agency DLC
042 ## - AUTHENTICATION CODE
Authentication code premarc
050 00 - LIBRARY OF CONGRESS CALL NUMBER
Classification number HD7262
Item number .U62 1948a
082 ## - DEWEY DECIMAL CLASSIFICATION NUMBER
Classification number 331.823
245 10 - TITLE STATEMENT
Title Butch looks to you;
Remainder of title you supervisors know safety speeds production.
260 ## - PUBLICATION, DISTRIBUTION, ETC.
Place of publication, distribution, etc. [Washington,
Date of publication, distribution, etc. 1948]
300 ## - PHYSICAL DESCRIPTION
Extent 18 p.
Other physical details illus.
Dimensions 20 cm.
490 1# - SERIES STATEMENT
Series statement Its Bulletin,
Volume/sequential designation no. 97
650 #0 - SUBJECT ADDED ENTRY--TOPICAL TERM
Topical term or geographic name entry element Industrial accidents.
830 #0 - SERIES ADDED ENTRY--UNIFORM TITLE
Uniform title Bulletin (United States. Bureau of Labor Standards) ;
Volume/sequential designation 97.

No items available.

Powered by Koha